Magnetism in Condensed Matter /

Salvato in:
Dettagli Bibliografici
Autore principale: Blundell, Stephen (Autore)
Natura: Libro
Lingua:inglese
Pubblicazione: Oxford : Oxford University Press, 2001 (rep. 2014)
Serie:Oxford Master Series in Condensed Matter Physics
Soggetti:
Tags: Aggiungi Tag
Nessun Tag, puoi essere il primo ad aggiungerne!!

MARC

LEADER 00000nam a22000003a 4500
001 stu301533
005 20200821081857.6
008 141127s2014----uk------------------eng-d
020 |a 978-0-19-850591-4 
040 |a STU  |b slo 
041 0 |a eng 
044 |a xxk 
100 1 |a Blundell, Stephen  |4 aut 
245 1 |a Magnetism in Condensed Matter /  |c Stephen Blundell 
260 |a Oxford :  |b Oxford University Press,  |c 2001 (rep. 2014) 
300 |a 238 p. 
490 0 |a Oxford Master Series in Condensed Matter Physics 
500 |a Reprint. 2003 ... 2014 
650 7 |a magnetizmus  |2 stusub 
650 7 |a fyzika kondenzovaných látok  |2 stusub 
830 0 |a Oxford Master Series in Condensed Matter Physics 
996 |b 284M086256  |c M*13742-1  |l MMKN  |s A  |a 24  |w stu301533_0001 
996 |b 284M088389  |c M* 13742-2  |l MMST  |s A  |a 24  |w stu301533_0002